An introduction to language and linguistics / (Record no. 629)
| 000 -LEADER | |
|---|---|
| fixed length control field | 01254cam a2200325 a 4500 |
| 001 - CONTROL NUMBER | |
| control field | 14390583 |
| 003 - CONTROL NUMBER IDENTIFIER | |
| control field | OSt |
| 005 - DATE AND TIME OF LATEST TRANSACTION | |
| control field | 20140116120833.0 |
| 008 - FIXED-LENGTH DATA ELEMENTS--GENERAL INFORMATION | |
| fixed length control field | 060525s2006 enka b 001 0 eng |
| 010 ## - LIBRARY OF CONGRESS CONTROL NUMBER | |
| LC control number | 2006276715 |
| 015 ## - NATIONAL BIBLIOGRAPHY NUMBER | |
| National bibliography number | GBA604191 |
| Source | bnb |
| 016 7# - NATIONAL BIBLIOGRAPHIC AGENCY CONTROL NUMBER | |
| Record control number | 013354538 |
| Source | Uk |
| 020 ## - INTERNATIONAL STANDARD BOOK NUMBER | |
| International Standard Book Number | 9780521612375 |
| 040 ## - CATALOGING SOURCE | |
| Transcribing agency | UKM |
| 050 00 - LIBRARY OF CONGRESS CALL NUMBER | |
| Classification number | P121.I58 2006 |
| 245 03 - TITLE STATEMENT | |
| Title | An introduction to language and linguistics / |
| Statement of responsibility, etc | edited by Ralph Fasold and Jeff Connor-Linton. |
| 260 ## - PUBLICATION, DISTRIBUTION, ETC. (IMPRINT) | |
| Place of publication, distribution, etc | Cambridge : |
| Name of publisher, distributor, etc | Cambridge University Press, |
| Date of publication, distribution, etc | 2006. |
| 300 ## - PHYSICAL DESCRIPTION | |
| Extent | xv, 540 p. : |
| Other physical details | ill. |
| 504 ## - BIBLIOGRAPHY, ETC. NOTE | |
| Bibliography, etc | Includes bibliographical references and index. |
| 650 #0 - SUBJECT ADDED ENTRY--TOPICAL TERM | |
| Topical term or geographic name as entry element | Linguistics. |
| 650 #0 - SUBJECT ADDED ENTRY--TOPICAL TERM | |
| Topical term or geographic name as entry element | Language and languages. |
| 700 1# - ADDED ENTRY--PERSONAL NAME | |
| Personal name | Fasold, Ralph W. |
| 700 1# - ADDED ENTRY--PERSONAL NAME | |
| Personal name | Connor-Linton, Jeff. |
| 856 42 - ELECTRONIC LOCATION AND ACCESS | |
| Materials specified | Publisher description |
| Uniform Resource Identifier | <a href="http://www.loc.gov/catdir/enhancements/fy0661/2006276715-d.html">http://www.loc.gov/catdir/enhancements/fy0661/2006276715-d.html</a> |
| 856 41 - ELECTRONIC LOCATION AND ACCESS | |
| Materials specified | Table of contents only |
| Uniform Resource Identifier | <a href="http://www.loc.gov/catdir/enhancements/fy0661/2006276715-t.html">http://www.loc.gov/catdir/enhancements/fy0661/2006276715-t.html</a> |
| 856 42 - ELECTRONIC LOCATION AND ACCESS | |
| Materials specified | Contributor biographical information |
| Uniform Resource Identifier | <a href="http://www.loc.gov/catdir/enhancements/fy0733/2006276715-b.html">http://www.loc.gov/catdir/enhancements/fy0733/2006276715-b.html</a> |
| 906 ## - LOCAL DATA ELEMENT F, LDF (RLIN) | |
| a | 7 |
| b | cbc |
| c | copycat |
| d | 2 |
| e | ncip |
| f | 20 |
| g | y-gencatlg |
| 942 ## - ADDED ENTRY ELEMENTS (KOHA) | |
| Source of classification or shelving scheme | |
| Koha item type | Book |
| Withdrawn status | Lost status | Source of classification or shelving scheme | Damaged status | Not for loan | Home library | Current library | Date acquired | Source of acquisition | Total Checkouts | Full call number | Barcode | Date last seen | Date checked out | Copy number | Price effective from | Koha item type |
|---|---|---|---|---|---|---|---|---|---|---|---|---|---|---|---|---|
| Riara University Library | Riara University Library | 25/10/2011 | Purchase | 1 | P121.I58 2006 | 1693/11 | 19/03/2014 | 11/12/2013 | C.1 | 25/10/2011 | Book | |||||
| Riara University Library | Riara University Library | 25/10/2011 | Purchase | 27 | P121.I58 2006 | 1692/11 | 27/06/2018 | 09/06/2018 | C.2 | 25/10/2011 | Book | |||||
| Riara University Library | Riara University Library | 25/10/2011 | Purchase | P121.I58 2006 | 1691/11 | 25/10/2011 | C.3 | 25/10/2011 | Book |
